LEADER 01163nam a2200289 4500 001 000000351982 003 CaOOAMICUS 005 20221114115125.0 008 221024s2007 it 000 u ita r 020 $a978-88-06-18819-1 040 $aSeMil$bita 100 1 $aMcCarthy, Cormac,$d<1933-2023>.$0(OLS)http://semarc/name/50183 240 10$aNo country for old men.$0(OLS)http://semarc/title/441788 245 10$aNon è un paese per vecchi /$cCormac McCarthy ; traduzione di Martina Testa. 264 1$aTorino :$bEinaudi,$c2007. 300 $a251 p. ;$c21 cm 490 1 $aSuper ET 700 1 $aTesta, Martina.$0(OLS)http://semarc/name/78530 830 0$aSuper ET.$0(OLS)http://semarc/title/24540 850 $aSeMil 852 $aSeMil$W1$xVenegono$y1$m1T II 27$j235738$B243170$CSeMilBibl$Z2$F243170 $81 961 $aPerego don Stefano - Omaggio 961 $aEx libris don Stefano Perego 996 $6020$a978-88-06-18819-1$9(OLS)http://semarc/number/296999 996 $6245$aNon è un paese per vecchi$9(OLS)http://semarc/title/441789 996 $6264$aTorino :$bEinaudi$9(OLS)http://semarc/publisher/29884 LEADER 01066nam a2200265 i 4500 001 000000049677 003 CaOOAMICUS 005 20120629000000.0 008 120629s1984 it u000 u ita u 013 $a20848 020 $a88-O1-12802-9 040 $aSeMil$bita 100 1 $aGuzzetti, Giovanni Battista,$c.$0(OLS)http://semarc/name/249 245 10$aGuerra e pace oggi /$cGiovanni Battista Guzzetti. 260 $a[Torino] :$bElle di Ci,$cstampa 1984. 300 $a159 p. ;$c21 cm. 500 $aContiene : Cenno bibliografico. 650 4$aGuerra giusta .$0(OLS)http://semarc/subject/10318 650 4$aGuerra.$0(OLS)http://semarc/subject/8098 650 4$aEtica sociale.$0(OLS)http://semarc/subject/331 850 $aSeMil 852 $aSeMil$W1$xVenegono$y1$m2E II 243$j15832$B15832$CSeMilBibl$Z2$F15832 $81 996 $6020$a88-O1-12802-9$9(OLS)http://semarc/number/23174 996 $6245$aGuerra e pace oggi$9(OLS)http://semarc/title/75655 996 $6260$a[Torino] :$bElle di Ci$9(OLS)http://semarc/publisher/33525